| 000 | 00414nam a2200169Ia 4500 | ||
|---|---|---|---|
| 008 | 221030s9999 xx 000 0 und d | ||
| 020 | _a8120316215 | ||
| 041 | _aEnglish | ||
| 082 |
_a105.23 _bRaj |
||
| 100 | _aV. Rajaraman | ||
| 245 | 0 | _aParallel Computers : Architecture & Programming | |
| 260 |
_bPHI _aNew Delhi _c2003 |
||
| 300 | _a376 | ||
| 650 | _aBE Computer | ||
| 700 | _aC. S. R. Murthy | ||
| 942 | _cBK | ||
| 999 |
_c8522 _d8522 |
||